| 000 | 005870000a22001810004500 | ||
|---|---|---|---|
| 003 | MACL | ||
| 005 | 20160120154601.0 | ||
| 008 | 160120b xxu||||| |||| 00| 0 eng d | ||
| 040 |
_aMACL _cMACL |
||
| 041 | _aHindi | ||
| 082 | _a001/VER | ||
| 100 |
_aखन्ना एवं वर्मा _933709 |
||
| 245 |
_aवस्तुनिष्ठ सामान्य ज्ञान _bकौन क्या है |
||
| 260 |
_bउपकार प्रकाशन _c2003 _aआगरा |
||
| 350 | _a35 | ||
| 650 |
_aGeneralities _91354 |
||
| 942 |
_cHIN _k001/VER _2ddc |
||
| 999 |
_c30578 _d30578 |
||